000 00338nam a2200133Ia 4500
008 231219s9999 xx 000 0 und d
041 _aeng
082 _a823
100 _aGladwell Malcolm
245 _aBlink: The Power of thinking without thinking
260 _bPenguin Books India Pvt Ltd
300 _a277
650 _aManagement
999 _c982611
_d982611